书目信息 |
| 题名: |
共青团建设概论
|
|
| 作者: | 于新恒 , 吴广川 主编 | |
| 分册: | ||
| 出版信息: | 长春 吉林人民出版社 2005 |
|
| 页数: | 242页 | |
| 开本: | 20cm | |
| 丛书名: | ||
| 单 册: | ||
| 中图分类: | D296 | |
| 科图分类: | ||
| 主题词: | 共青团--建设--概论 , 共青团 , 中国共产党 | |
| 电子资源: | ||
| ISBN: | 7-206-00318-4 | |
| 000 | 00803nam0 2200277 45 | |
| 001 | 0120052002080 | |
| 005 | 20070110155639.31 | |
| 010 | @a7-206-00318-4@dCNY20.00 | |
| 092 | @aCN@b468623 | |
| 100 | @a20051010d2005 em y0chiy0120 ea | |
| 101 | 0 | @achi |
| 102 | @aCN@b220000 | |
| 105 | @ay z 000yy | |
| 200 | 1 | @a共青团建设概论@9gong qing tuan jian she gai lun@f于新恒,吴广川主编 |
| 205 | @a2版 | |
| 210 | @a长春@c吉林人民出版社@d2005 | |
| 215 | @a242页@d20cm | |
| 330 | @a主要内容:绪论、发生论、性质论、发展论、思想建设论、组织建设论等。 | |
| 606 | 0 | @a共青团@x建设@x概论 |
| 606 | 0 | @a共青团 |
| 606 | 0 | @a中国共产党 |
| 690 | @aD296@v4 | |
| 701 | 0 | @a于新恒@9yu xin heng@4主编 |
| 701 | 0 | @a吴广川@9wu guang chuan@4主编 |
| 801 | 0 | @aCN@bLZJBOOK@c20070110 |
| 905 | @a10447@dD296@e25 | |
| 共青团建设概论/于新恒,吴广川主编.-2版.-长春:吉林人民出版社,2005 |
| 242页;20cm |
| ISBN 7-206-00318-4:CNY20.00 |
| 主要内容:绪论、发生论、性质论、发展论、思想建设论、组织建设论等。 |
| ● |
| 相关链接 |
|
|
|
|
正题名:共青团建设概论
索取号:D296/25
 
预约/预借
| 序号 | 登录号 | 条形码 | 馆藏地/架位号 | 状态 | 备注 |
| 1 | 0561969 | 205619696 | 第一样本阅览室/ [索取号:D296/25] | 在馆 | |
| 2 | 0561970 | 205619703 | 第一借阅区/ [索取号:D296/25] | 在馆 | |
| 3 | 0561971 | 205619712 | 密集书库/ [索取号:D296/25] | 在馆 | |
| 4 | 0561972 | 205619721 | 第一借阅区/ [索取号:D296/25] | 在馆 | |
| 5 | 0561973 | 205619730 | 第一借阅区/ [索取号:D296/25] | 在馆 | |
| 6 | 0561974 | 205619749 | 第一借阅区/ [索取号:D296/25] | 在馆 | |
| 7 | 0561975 | 205619758 | 密集书库/ [索取号:D296/25] | 在馆 | |
| 8 | 0561976 | 205619767 | 密集书库/ [索取号:D296/25] | 在馆 |